00677 a2200193 4500008004100000010001400041020002300055035001300078037001800091082001300109100002100122245012000143260004200263270008100305300003000386500002000416700002500436700002200461080822t xxu||||| |||| 00| 0 eng d aENG-85115 a8188689807c435.00 aEN-68648 bD.B.Act / Pub a658.4012 aSherman, Herbert aStrategic managementban organization change approachcby Herbert Sherman, Daniel James Rowley and Barry R. Armandi aNew DelhibOverseas Press Indiac2007 a7/28, Ansari Road, Darya GanjbNew Delhie110 002moverseas@de13.vsnl.nic.in axlvi, 515p.b21cm. (Pbk) aincludes i ndex aRowley, Daniel James aArmandi, Barry R.